Scrabble Best Capitals Quiz Stats

 Plays Quiz not verified by Sporcle

Score 0/36 Timer 07:00
0 Plays Today
% Correct
Washington, D.C.
89%
Mexico City
84.4%
Guatemala City
69.4%
Luxembourg
67.1%
Reykjavik
66%
Stockholm
65.4%
Vatican City
64.9%
Jerusalem
62.6%
Zagreb
62%
Pyongyang
62%
Andorra la Vella
61.8%
Brazzaville
61.8%
Kuala Lumpur
61.5%
Port-au-Prince
60.1%
Panama City
58.9%
Vaduz
57.8%
Ljubljana
57.2%
Bishkek
56.7%
% Correct
Copenhagen
55.5%
Bandar Seri Begawan
54.4%
Sarajevo
53.8%
Kuwait City
51.3%
Bangkok
49.9%
Phnom Penh
49.3%
Kathmandu
49.3%
Port of Spain
48.4%
Yamoussoukro
46.7%
Skopje
46.2%
Windhoek
43.1%
N'Djamena
41.4%
Djibouti
41.1%
Naypyidaw
39.1%
Bujumbura
35.4%
Sri Jayawardenapura-Kotte
34.8%
Nouakchott
34%
Port Moresby
30.9%

You're not logged in!

Compare scores with friends on all Sporcle quizzes.
OR
Log In

Show Comments

Extras

Top Quizzes Today


Score Distribution

Your Account Isn't Verified!

In order to create a playlist on Sporcle, you need to verify the email address you used during registration. Go to your Sporcle Settings to finish the process.

Report this User

Report this user for behavior that violates our Community Guidelines.

Details: